000 00808cam a2200265 i 4500
001 000016033
003 DO-SdBNP
005 20260225080025.0
007 ta
008 810316s1974 ck 000 0 spa
040 _aDO-SdBNP
_bspa
_cBNPHU
_erda
041 _aspa
082 4 _a170.202
_bM457a
_222
100 1 _aMaurois, André,
_d1885-1967
_eautor
_4aut.
_96319
245 1 3 _aUn arte de vivir :
_bel arte de pensar-amar-trabajar-mandar-envejecer /
_cAndré Maurois.
264 1 _aMedellín :
_bBedout,
_c1974.
300 _a150 páginas ;
_c18 cm.
336 _atexto
_btxt
_2rdacontent
337 _asin mediación
_bn
_2rdamedia
338 _avolumen
_bnc
_2rdacarrier
490 1 _aBolsilibro Bedout
_v28
650 4 _aÉtica
_9509
650 7 _aConducta de vida
_911947
_2LIBRUNAM
942 _2ddc
_cLBS1
999 _c15575
_d15575